A guide to Bible study. (Record no. 3827)

000 -LEADER
fixed length control field 00551nam a2200181 a 4500
001 - CONTROL NUMBER
control field :::00001562$&:&@@
003 - CONTROL NUMBER IDENTIFIER
control field OkBaRHE
005 - DATE AND TIME OF LATEST TRANSACTION
control field 20000607103244.0
008 - FIXED-LENGTH DATA ELEMENTS--GENERAL INFORMATION
fixed length control field s1950 j 000 0 eng u
040 ## - CATALOGING SOURCE
Transcribing agency
100 1# - MAIN ENTRY--PERSONAL NAME
Personal name McGarvey, J. W. (John William), 1829-1911.
245 12 - TITLE STATEMENT
Title A guide to Bible study.
260 ## - PUBLICATION, DISTRIBUTION, ETC. (IMPRINT)
Place of publication, distribution, etc Hollywood, CA., :
Name of publisher, distributor, etc Old Paths Book Club
Date of publication, distribution, etc 1950
300 ## - PHYSICAL DESCRIPTION
Extent 232 p. ;
Dimensions 22 cm.
650 ## - SUBJECT ADDED ENTRY--TOPICAL TERM
Topical term or geographic name as entry element Bible
General subdivision Study
942 ## - ADDED ENTRY ELEMENTS (KOHA)
Source of classification or shelving scheme
Koha item type Books
Copies
Koha item type Date acquired Lost status Not for loan Copy number Date last seen Full call number Withdrawn status Price effective from Permanent Location Damaged status Source of classification or shelving scheme Shelving location Barcode
Books2010-04-14  12010-04-14BS 600 .M35 2010-04-14RHEMA Bible Training College  General Stacks1562